Health Expenditure, Income and Health Status Among Indigenous and Other Australians (Record no. 351138)
[ view plain ]
| 000 -LEADER | |
|---|---|
| fixed length control field | 00744nam a2200145Ia 4500 |
| 008 - FIXED-LENGTH DATA ELEMENTS--GENERAL INFORMATION | |
| fixed length control field | 171212s9999 xx 000 0 und d |
| 020 ## - INTERNATIONAL STANDARD BOOK NUMBER | |
| International Standard Book Number | 9781920942151 |
| 100 ## - MAIN ENTRY--PERSONAL NAME | |
| Personal name | Gray, M.C.;Hunter, Boyd;Taylor, John |
| 245 ## - TITLE STATEMENT | |
| Statement of responsibility, etc | Gray, M.C.;Hunter, Boyd;Taylor, John |
| Title | Health Expenditure, Income and Health Status Among Indigenous and Other Australians |
| 260 ## - PUBLICATION, DISTRIBUTION, ETC. (IMPRINT) | |
| Name of publisher, distributor, etc | ANU E Press |
| Date of publication, distribution, etc | 2004 |
| 440 ## - SERIES STATEMENT/ADDED ENTRY--TITLE | |
| Title | Centre for Aboriginal Economic Policy Research (CAEPR) |
| 650 ## - SUBJECT ADDED ENTRY--TOPICAL TERM | |
| Topical term or geographic name as entry element | Aboriginal Australians -- Health and hygiene; Torres Strait Islanders -- Health and hygiene; Aboriginal Australians -- Medical care; Torres Strait Islanders -- Medical care; Medical care, Cost of -- Australia |
| 650 ## - SUBJECT ADDED ENTRY--TOPICAL TERM | |
| Topical term or geographic name as entry element | Sociology |
| 856 ## - ELECTRONIC LOCATION AND ACCESS | |
| Uniform Resource Identifier | <a href="www.jstor.org/stable/10.2307/j.ctt2jbk5v">www.jstor.org/stable/10.2307/j.ctt2jbk5v</a> |
| Withdrawn status | Lost status | Damaged status | Home library | Current library | Date acquired | Total Checkouts | Date last seen | Price effective from | Koha item type |
|---|---|---|---|---|---|---|---|---|---|
| College Library | College Library | 12/12/2017 | 12/12/2017 | 12/12/2017 | Curriculum - Based eBooks |